Logo Quiz - Super Trudne - Statystyki

Ogólne statystyki
  • Ten quiz został rozwiązany 17 razy
  • Średni wynik to 3 z 10
Statystyki odpowiedzi
Obrazkowy Hint Odpowiedź % Poprawnych
Jedzenie Piątnica
85%
Artykuły biurowe Astra
77%
Wypoczynek w ogrodzie Bestway
46%
Sprzedaż internetowa Shopify
46%
Jedzenie Dole
23%
Internet i telewizja Toya
23%
Plastry aromatyczne Aromactiv
15%
Paliwo Pertamina
15%
Religia Archidiecezja Gnieźnieńska
8%
Gry Reality
8%
Nie znaleziono quizów pasujących do podanych kryteriów
Rozkład punktacji
Procent ludzi z każdym wynikiem
Percentyl według liczby udzielonych odpowiedzi
Twoja historia wyników
Nie rozwiązałeś tego quizu